Normal view
MARC view
Entry Corporate Name
001 - CONTROL NUMBER
- control field: 1021069
003 - CONTROL NUMBER IDENTIFIER
- control field:
005 - DATE AND TIME OF LATEST TRANSACTION
- control field: 20210627125500.0
008 - FIXED-LENGTH DATA ELEMENTS
- fixed length control field: 210627|| aca||aabn | a|a d
040 ## - CATALOGING SOURCE
- Original cataloging agency:
- Transcribing agency:
110 ## - HEADING--CORPORATE NAME
- Corporate name or jurisdiction name as entry element: Energy Systems International
670 ## - SOURCE DATA FOUND
- Source citation: Work cat.: ()914384: United States. Department of Energy 706810, Solar energy commercialization for European countries /, 1978-
